Cop out [DVD/videorecording] / Warner Bros. ... Read More
Record details
- ISBN: 9781419892738
- ISBN: 1419892738
- Physical Description: 1 videodisc (107 min.) : sd., col. ; 4 3/4 in.
- Publisher: Burbank, CA : Warner Home Video, c2010.
Content descriptions
| General Note: | DVD release of the 2010 motion picture. |
| Creation/Production Credits Note: | Director of photography, David Klein ; editor, ... Read More |
| Participant or Performer Note: | Bruce Willis, Tracy Morgan, Adam Brody, Kevin ... Read More |
| Summary, etc.: | Two longtime NYPD partners on the trail of a ... Read More |
| Target Audience Note: | MPAA rating: R; for pervasive language including ... Read More |
| System Details Note: | DVD ; widescreen presentation ; Dolby digital 5.1 ... Read More |
| Language Note: | In English, dubbed French or dubbed Spanish, with ... Read More Closed-captioned. |
Search for related items by subject
| Subject: | Police > New York (State) > New York > Drama. Gangsters > Drama. Baseball cards > Drama. |
| Genre: | Detective and mystery plays. Buddy films. Comedy films. Action and adventure films. Feature films. Video recordings for the hearing impaired. |
| LDR | 03187cgm a2200649Ia 4500 | ||
|---|---|---|---|
| 001 | 120775 | ||
| 003 | LARL_NWRL_CONSORTIUM | ||
| 005 | 20100723091642.0 | ||
| 007 | vd cvaizq | ||
| 008 | 100506s2010 cau107 vleng d | ||
| 019 | . | ‡a637205823 | |
| 020 | . | ‡a9781419892738 | |
| 020 | . | ‡a1419892738 | |
| 024 | 1 | . | ‡a883929105991 |
| 028 | 4 | 2. | ‡a1000118233 ‡bWarner Home Video |
| 035 | . | ‡a(OCoLC)612013232 ‡z(OCoLC)637205823 | |
| 040 | . | ‡aTEFMT ‡cTEFMT ‡dBTCTA ‡dTEF ‡dTEFMT ‡dIMD ‡dTYV ‡dMR0 ‡dTEFMT ‡dEYP | |
| 041 | 1 | . | ‡aeng ‡afre ‡aspa ‡jeng ‡jfre ‡jspa ‡heng |
| 043 | . | ‡an-us-ny | |
| 082 | 0 | 4. | ‡a791.43/72 ‡222 |
| 245 | 0 | 0. | ‡aCop out ‡h[DVD/videorecording] / ‡cWarner Bros. Pictures presents ; a Marc Platt production ; produced by Marc Platt, Polly Johnsen, Michael Tadross ; written by Robb Cullen & Mark Cullen ; directed by Kevin Smith. |
| 246 | 3 | . | ‡aCopOut |
| 260 | . | ‡aBurbank, CA : ‡bWarner Home Video, ‡cc2010. | |
| 300 | . | ‡a1 videodisc (107 min.) : ‡bsd., col. ; ‡c4 3/4 in. | |
| 538 | . | ‡aDVD ; widescreen presentation ; Dolby digital 5.1 surround. | |
| 546 | . | ‡aIn English, dubbed French or dubbed Spanish, with optional subtitles in English, French or Spanish; English subtitles for the deaf and hard of hearing. | |
| 546 | . | ‡aClosed-captioned. | |
| 511 | 1 | . | ‡aBruce Willis, Tracy Morgan, Adam Brody, Kevin Pollak, Guillermo Díaz, Seann William Scott. |
| 508 | . | ‡aDirector of photography, David Klein ; editor, Kevin Smith ; music, Harold Faltermeyer. | |
| 500 | . | ‡aDVD release of the 2010 motion picture. | |
| 521 | 8 | . | ‡aMPAA rating: R; for pervasive language including sexual references, violence and brief sexuality. |
| 520 | . | ‡aTwo longtime NYPD partners on the trail of a stolen, rare, mint-condition baseball card find themselves up against a merciless, memorabilia-obsessed gangster. Jimmy is the veteran detective whose missing collectible is his only hope to pay for his daughter's upcoming wedding, and Paul is his 'partner-against-crime' whose preoccupation with his wife's alleged infidelity makes it hard for him to keep his eye on the ball. | |
| 650 | 0. | ‡aPolice ‡zNew York (State) ‡zNew York ‡vDrama. | |
| 650 | 0. | ‡aGangsters ‡vDrama. | |
| 655 | 0. | ‡aDetective and mystery plays. | |
| 650 | 0. | ‡aBaseball cards ‡vDrama. | |
| 655 | 0. | ‡aBuddy films. ‡0(LARL_NWRL_CONSORTIUM)175688 | |
| 655 | 0. | ‡aComedy films. ‡0(LARL_NWRL_CONSORTIUM)175650 | |
| 655 | 0. | ‡aAction and adventure films. ‡0(LARL_NWRL_CONSORTIUM)175617 | |
| 655 | 0. | ‡aFeature films. ‡0(LARL_NWRL_CONSORTIUM)175625 | |
| 655 | 0. | ‡aVideo recordings for the hearing impaired. ‡0(LARL_NWRL_CONSORTIUM)175744 | |
| 700 | 1 | . | ‡aSmith, Kevin, ‡d1970- ‡0(LARL_NWRL_CONSORTIUM)154530 |
| 700 | 1 | . | ‡aCullen, Robb, ‡d1970- ‡0(LARL_NWRL_CONSORTIUM)211252 |
| 700 | 1 | . | ‡aCullen, Mark. ‡0(LARL_NWRL_CONSORTIUM)218344 |
| 700 | 1 | . | ‡aWillis, Bruce, ‡d1955- ‡0(LARL_NWRL_CONSORTIUM)85917 |
| 700 | 1 | . | ‡aMorgan, Tracy, ‡d1968- ‡0(LARL_NWRL_CONSORTIUM)209615 |
| 700 | 1 | . | ‡aBrody, Adam, ‡d1980- ‡0(LARL_NWRL_CONSORTIUM)192427 |
| 700 | 1 | . | ‡aPollak, Kevin, ‡d1958- ‡0(LARL_NWRL_CONSORTIUM)137310 |
| 700 | 1 | . | ‡aDíaz, Guillermo, ‡d1975- ‡0(LARL_NWRL_CONSORTIUM)212698 |
| 700 | 1 | . | ‡aScott, Seann William. ‡0(LARL_NWRL_CONSORTIUM)207884 |
| 710 | 2 | . | ‡aWarner Bros. Pictures (1969- ) ‡0(LARL_NWRL_CONSORTIUM)156627 |
| 710 | 2 | . | ‡aWarner Home Video (Firm) ‡0(LARL_NWRL_CONSORTIUM)139520 |
| 901 | . | ‡a120775 ‡bOCLC ‡c120775 ‡tbiblio | |

Add to basket
Permalink
Disable Highlighting